000 00686nam a2200289Ia 4500
005 20260324112143.0
008 008 260324s9999 xx 000 0 eng d
020 _a9781003493228
037 _aEBOOK
040 _aCRL
040 _beng
040 _cCRL
041 _2eng
041 _aeng
084 _qCRL
100 _aRobert D. Eldridge; Jason M. Morgan
_91141512
245 0 _aJapan in the 1960s
245 0 _bTen Years of Turning Points
260 _bTaylor and Francis
260 _c2024
365 _a
365 _b230
856 _uhttp://www.taylorfrancis.com/books/9781003493228
942 _cEBOOK
999 _c1730618
_d1730618